Slovakia Political Briefing: Threema Messages – Another Affairs of the Slovak Coalition Government

Správy Threema a koaličná vláda na Slovesku. Marian Kočner a ostatní zapojení politici. Vyšetrovanie vraždy Kuciaka a Kušnírovej.

Salvato in:
Dettagli Bibliografici
Autore principale: Csányi, Peter, 1978-
Natura: Capitolo di libro
Lingua:inglese
Soggetti:
Tags: Aggiungi Tag
Nessun Tag, puoi essere il primo ad aggiungerne!!

MARC

LEADER 00000naa a2200000 4500
001 0271579
005 20240502083825.1
041 0 |a eng 
044 |a HU 
245 1 0 |a Slovakia Political Briefing: Threema Messages – Another Affairs of the Slovak Coalition Government  |c Peter Csányi 
520 |a Správy Threema a koaličná vláda na Slovesku. Marian Kočner a ostatní zapojení politici. Vyšetrovanie vraždy Kuciaka a Kušnírovej. 
610 2 0 |a politika 
610 2 0 |a koalícia 
610 2 0 |a Slovensko 
100 1 |a Csányi, Peter, 1978-